000 01284nam a22002777a 4500
001 8901
003 FISKH
005 20251030112500.0
008 251030b cb ||||| |||| 00| 0 eng d
020 _a9788956354163
040 _aFISKH
_beng
_cFISKH
_dFISKH
082 _a398.21
100 _aLang, Andrew
245 _aBushy bride /
_cBy Andrew Lang : Series Editor : Jason Wilburn
250 _aFirst published by XACT, 2009
260 _aSeoul :
_be-future ,
_c2009.
300 _a34 pages :
_bcolor illustrations ;
_c20 cm .
490 _aMy First Classic Readers
_vLevel 4-15
505 _aM
520 _aThere once was a widower who had one son and one daughter by his first wife. Both of them were nice children, and they were dearly fond of each other. After a while the man got married again. He wed a widow who had one daughter by her first husband. The girl was both hideous and mean, and the mother was too. As soon as the new wife moved into the house, the husband’s children could find no peace, not in a single nook or cranny. The boy thought it would be best to go out into the world and
521 8 _a530
_bLexile estimate
521 8 _aM
_bRaz-Plus
700 _aChoi, HyeJung
_eIllustrator
942 _2ddc
_cBK
_n0
999 _c8901
_d8901